|
|
|
|
| LEADER |
00000cab a2200000 a 4500 |
| 001 |
032746 |
| 003 |
UAHC_CL |
| 005 |
20170803123534.0 |
| 008 |
060530b xx j 000 1 spa |
| 040 |
|
|
|a UAHC_CL
|c UAHC_CL
|d UAHC_CL
|
| 100 |
1 |
|
|a Carreras Tudurí, Ferran
|
| 245 |
1 |
0 |
|a Principales líneas de investigación en educación especial en España /
|c Ferran Carreras Tudurí.
|
| 260 |
|
|
|b Departamento de Ciencias de la Educación, Facultad de Ciencias Humanas, Universidad Nacional de Río Cuarto
|a Río Cuarto, Argentina
|c 1999
|
| 300 |
|
|
|a p. 232-244
|
| 310 |
|
|
|a Semestral
|b 1998
|
| 500 |
|
|
|a En: Contextos de la educación, n˚ 1, 1999. p.232-244. ISSN 15142655.
|
| 500 |
|
|
|a En: Contextos de la educación, n° 1, 1999. p.232-244. ISSN 15142655.
|
| 500 |
|
|
|a En: Contextos de la educaciÛn, nç 1, 1999. p.232-244. ISSN 15142655.
|
| 700 |
1 |
|
|q Castro, Silvia Graciela
|
| 856 |
|
|
|u http://www.unrc.edu.ar/publicar/cde/art12.htm
|3 Acceso electrónico al documento
|y Acceso electrónico al documento
|
| 856 |
|
|
|u http://www.unrc.edu.ar/publicar/cde/art12.htm
|3 Acceso electrónico al documento
|y Acceso electrónico al documento
|
| 900 |
|
|
|a ESTUDIOS-29
|
| 942 |
|
|
|c REVA
|
| 952 |
|
|
|0 0
|1 0
|4 0
|6 ESTUDIOS_29
|7 0
|8 General
|9 63166
|a BC
|b BC
|c General
|d 2017-08-03
|l 0
|o ESTUDIOS-29
|p FICTICIO3502
|r 2019-01-08 00:00:00
|t 1
|w 2017-08-03
|y REVA
|
| 999 |
|
|
|c 32746
|d 32746
|